000 00997cab a2200301 4500
001 ABS57373
008 090401t1997 xxu||||| |||| 00| 0 eng d
035 _a(Sirsi) u79848
041 _aeng
100 _aJudge, A.
245 _aPut on the spot
260 _c1997
350 _a0
490 _aEstates Gazette
_v(9729) 19 July 1997, 119-121(3)
520 _aIllustrates through case law how solicitors can find themselves vulnerable to negligence claims when acting for both borrower and lender. Reviews solicitors` liabilities and duties, and the assessment of damages when liability for a lender`s loss is found.
650 _aCONVEYANCING
650 _aDAMAGES
650 _aDISCLOSURE OF INFORMATION
650 _aLIABILITY
650 _aNEGLIGENCE
650 _aOBLIGATIONS
650 _aPROPERTY LENDERS
650 _aSOLICITORS
650 _aSTANDARD TERMS
690 _aMANAGEMENT-BUSINESS MANAGEMENT-PROFESSIONAL PRACTICE
942 _n0
948 _c24/07/1997
999 _c50242
_d50242